ბათუმის შოთა რუსთაველის სახელმწიფო უნივერსიტეტის ბიბლიოთეკა

რუსთაველი და "ოქროს ხანის" საქართველო : (ბიბ.ჩანაწერი № 53189)

000 -ლიდერი
ფიქსირებული სიგრძის საკონტროლო ველი 01852nam a2200253Ia 4500
001 - საკონტროლო ნომერი
საკონტროლო ველი 20230
003 - საკონტროლო ნომრის იდენტიფიკატორი
საკონტროლო ველი GE_BSU
005 - ბოლო ოპერაციის თარიღი და დრო
საკონტროლო ველი 20200616223715.0
008 - ფიქსირებული სიგრძის მონაცემთა ელემენტები - ზოგადი ინფორმაცია
ფიქსირებული სიგრძის საკონტროლო ველი 181216s2016||||ge |||||||||||||| ||geo||
020 ## - წიგნის საერთაშორისო სტანდარტული ნომერი
International Standard Book Number 9789941462450
040 ## - კატალოგიზაციის წყარო
Transcribing agency GE_BSU
041 ## - ენის კოდი
Language code of text/sound track or separate title geo
080 ## - უნივერსალური ათობითი კლასიფიკაციის ინდექსი
Universal Decimal Classification number 821.353.1.092 რ-93
245 ## - ცნობა სათაურის შესახებ
Title რუსთაველი და "ოქროს ხანის" საქართველო :
Remainder of title კრებული /
Statement of responsibility, etc მთ. რედ. ბიჭიკო დიასამიძე.
264 ## - წარმოების, გამოცემის, დისტრიბუციის და სხვა ცნობები
გამოცემის, წარმოების, დისტრიბუციის... ადგილი ბათუმი :
გამოცემის, წარმოების, დისტრიბუციის... სახელწოდება ბათუმის შოთა რუსთაველის სახელმწიფო უნივერსიტეტი,
გამოცემის, წარმოების, დისტრიბუციის... თარიღი 2016.
300 ## - ფიზიკური აღწერა
Extent 117 გვ. ;
Dimensions 21 სმ.
500 ## - ზოგადი შენიშვნა
General note შოთა რუსთაველის დაბადებიდან 850 წლისთავისადმი მიძღვნილი პროფესორ-მასწავლებელთა სამეცნიერო კონფერენციის მასალები
520 ## - SUMMARY, ETC.
Summary, etc შოთა რუსთავ. დაბადებიდან 850 წლისთავისადმი მიძღვნ. პროფესორ-მასწავლ. სამეცნიერო კონფერენც. მასალები
653 ## - INDEX TERM--UNCONTROLLED
Uncontrolled term რუსთაველი და "ოქროს ხანის" საქართველო
700 ## - ADDED ENTRY--PERSONAL NAME
Personal name დიასამიძე, ბიჭიკო
Relator term მთავარი რედაქტორი
9 (RLIN) 8435
710 ## - ADDED ENTRY--CORPORATE NAME
Corporate name or jurisdiction name as entry element ბათუმის შოთა რუსთაველის სახელმწიფო უნივერსიტეტი
Subordinate unit ნიკო ბერძენიშვილის ინსტიტუტი
9 (RLIN) 8436
942 ## - ADDED ENTRY ELEMENTS (KOHA)
Koha item type წიგნი
Source of classification or shelving scheme
ეგზემპლარები
ჩამოწერის სტატუსი დაკარგული ეგზემპლარის სტატუსი კლასიფიკაციის წყარო ან თაროზე გაწყობის სქემა დაზიანების სტატუსი არ გაიცემა მუდმივი მდებარეობა (დაცვის ადგილი) ამჟამინდელი ადგილსამყოფელი თაროზე განთავსების ადგილი შეძენის თარიღი ღირებულება, შესყიდვის ნორმალური ფასი სრული შენახვის შიფრი შტრიხკოდი ბოლო ოპერაციის თარიღი ეგზემპლარის მიმდევრობითი ნომერი (კეტერი?) ფასის ძალაში შესვლის თარიღი ეგზემპლარის სახეობა საჯარო შენიშვნა Uniform Resource Identifier
          ბათუმის შოთა რუსთაველის სახელმწიფო უნივერსიტეტის მთავარი ბიბლიოთეკა ბათუმის შოთა რუსთაველის სახელმწიფო უნივერსიტეტის მთავარი ბიბლიოთეკა წიგნსაცავი 2018-12-17 3.99 821.353.1.092 რ-93 52788 2018-12-17 52788 2018-12-17 წიგნი 3.99 ლ.  
          ბათუმის შოთა რუსთაველის სახელმწიფო უნივერსიტეტის მთავარი ბიბლიოთეკა ბათუმის შოთა რუსთაველის სახელმწიფო უნივერსიტეტის მთავარი ბიბლიოთეკა წიგნსაცავი 2018-12-17 3.99 821.353.1.092 რ-93 52789 2018-12-17 52789 2018-12-17 წიგნი 3.99 ლ.  
          ბათუმის შოთა რუსთაველის სახელმწიფო უნივერსიტეტის მთავარი ბიბლიოთეკა ბათუმის შოთა რუსთაველის სახელმწიფო უნივერსიტეტის მთავარი ბიბლიოთეკა წიგნსაცავი 2018-12-17 3.99 821.353.1.092 რ-93 52790 2018-12-17 52790 2018-12-17 წიგნი 3.99 ლ.  
          ბათუმის შოთა რუსთაველის სახელმწიფო უნივერსიტეტის მთავარი ბიბლიოთეკა ბათუმის შოთა რუსთაველის სახელმწიფო უნივერსიტეტის მთავარი ბიბლიოთეკა წიგნსაცავი 2018-12-17 3.99 821.353.1.092 რ-93 52791 2018-12-17 52791 2018-12-17 წიგნი 3.99 ლ.  
          ბათუმის შოთა რუსთაველის სახელმწიფო უნივერსიტეტის მთავარი ბიბლიოთეკა ბათუმის შოთა რუსთაველის სახელმწიფო უნივერსიტეტის მთავარი ბიბლიოთეკა წიგნსაცავი 2018-12-17 3.99 821.353.1.092 რ-93 52792 2018-12-17 52792 2018-12-17 წიგნი 3.99 ლ.  
          ბათუმის შოთა რუსთაველის სახელმწიფო უნივერსიტეტის მთავარი ბიბლიოთეკა ბათუმის შოთა რუსთაველის სახელმწიფო უნივერსიტეტის მთავარი ბიბლიოთეკა წიგნსაცავი 2025-01-30 4.00 821.353.1.092 რ-93 70504 2025-01-30 70504 2025-01-30 წიგნი 4.00 ნაჩუქარი